000 00837nam a2200301Ia 4500
001 Para_10484
003 CHAP
008 220125s1992 xx 000 0 und d
010 _a209178
020 _a0 - 12 - 480558 - 2
040 _cCHAP
082 _aPA 632.8 M38 1992
100 _aMatthews, R. E. F
_9172843
245 _aFundamentals of plant virology /
_c R.E. F. Matthews
250 _a3
260 _aEstados Unidos de América
300 _a403
500 _aIncluye referencias bibliográficas e índice
650 _aPlantas
_x enfermedades por virus
_988834
650 _aVirus
_x enfermedades por
_9174685
901 _aPA 632.8 M38 1992
902 _aM
905 _a5232201992 -usamn 8000200300spa06
910 _a1992
942 _cPARA
942 _cPARA
_d1
999 _c209178
_d209178